| 000 | 01102cam a22002771i 4500 | ||
|---|---|---|---|
| 003 | SA-RiAUC | ||
| 005 | 20250707171423.0 | ||
| 008 | 250626s2000 sy g 000 0bara c | ||
| 040 |
_aSA-JeALM _bara _cSA-RiAUC _erda |
||
| 082 | 0 | 4 | _a239.7 |
| 090 |
_a239.7 _bي م ا |
||
| 100 | 1 |
_aيماني، محمد عبده، _d1359-1431 هجري _eمؤلف. |
|
| 245 | 1 | 0 |
_aأم المؤمنين خديجة بنت خويلد : _bسيدة في قلب المصطفى / _cمحمد عبده يماني. |
| 250 | _aالطبعة الاولى. | ||
| 264 | 1 |
_aدمشق : _bمؤسسة علوم القرآن، _c2000 |
|
| 300 |
_a224 صفحة _c24 سم. |
||
| 336 |
_aنص _btxt _2rdacontent _3كتاب |
||
| 337 |
_aبدون وسيط _bn _2rdamedia |
||
| 338 |
_aمجلد _bnc _2rdacarrier |
||
| 600 | 1 | 7 |
_aأم المؤمنين، خديجة بنت خويلد بن أسد، _d68-3 قبل الهجرة _2aucnm |
| 650 | 7 |
_aأهل بيت الرسول _2aucsh |
|
| 650 | 7 |
_aزوجات النبي _2aucsh |
|
| 650 | 7 |
_aالسيرة النبوية _2aucsh |
|
| 942 |
_2ddc _cBOOK _n0 |
||
| 949 |
_aSA-JeALM _d250626 _uosman123 _n1 |
||
| 999 |
_c9574 _d9574 |
||